1M+ South American Cities Sudden Death - Statistics

General Stats
  • This quiz has been taken 55 times
  • The average score is 7 of 21
Answers on the Grid
Answers color-coded by a green-red scale on the quiz's grid according to % correct below.
Caracas
Porto Alegre
Salvador
Bogotá
Buenos Aires
Barranquilla
São Luís
Valencia
Mendoza
Florianópolis
Trujillo
Rosario
Montevideo
Natal
Asunción
Manaus
Cali
Londrina
Santa Cruz de la Sierra
Recife
Belo Horizonte
Murcia
Paramaribo
Cologne
Zaragoza
Cochabamba
Georgetown
Tegucigalpa
Managua
Santarém
Pereira
Bilbao
Porto
Cuzco
Montero
Tacna
Las Grutas
Río Turbio
Pasto
Esmeraldas
 
Answer Stats
Answer % Correct
Buenos Aires
81%
Bogotá
63%
Caracas
56%
Asunción
50%
Belo Horizonte
50%
Barranquilla
44%
Montevideo
44%
Recife
38%
Salvador
38%
Cali
31%
Natal
31%
Porto Alegre
31%
Manaus
25%
São Luís
25%
Rosario
19%
Santa Cruz de la Sierra
19%
Valencia
19%
Mendoza
13%
Trujillo
13%
Florianópolis
6%
Londrina
0%
No matching quizzes found
Score Distribution
Percent of People with Each Score
Percentile by Number Answered
Your Score History
You have not taken this quiz